[Event "Quebec-ch classe U2000"]
[Site "Montreal CAN"]
[Date "2005.10.08"]
[Round "1"]
[White "Hajiyev, Elshad"]
[Black "Panayotov, Ivo"]
[Result "1-0"]
[WhiteElo "1967"]
[BlackElo "1841"]
[PlyCount "59"]
[GameId "2160767910834415"]
[EventDate "2005.10.10"]
[EventType "swiss"]
[EventRounds "5"]
[EventCountry "CAN"]

1. d4 d5 2. Nf3 Nf6 3. Bg5 e6 4. e3 Be7 5. Bd3 Nbd7 6. Nbd2 O-O 7. c3 c5 8. Ne5 h6 9. h4 Nh7 10. Bf4 Nxe5 11. dxe5 Bd7 12. Qh5 f5 13. Rh3 Be8 14. Qe2 Bxh4 15. O-O-O Bg5 16. Nf3 Rb8 17. g4 Bxf4 18. exf4 fxg4 19. Bxh7+ Kxh7 20. Ng5+ Kg8 21. Nxe6 Qe7 22. Qxg4 h5 23. Qg5 Qxe6 24. Rg1 Qd7 25. e6 Qc7 26. Rf3 d4 27. Qh6 dxc3 28. bxc3 Bg6 29. Rxg6 Qe5 30. Rg5 1-0

[Event "Quebec-ch classe U2000"]
[Site "Montreal CAN"]
[Date "2005.10.08"]
[Round "1"]
[White "Ostaci, Liviu"]
[Black "Petit, Raymond"]
[Result "1-0"]
[WhiteElo "1874"]
[BlackElo "1752"]
[PlyCount "65"]
[GameId "2160767910834416"]
[EventDate "2005.10.10"]
[EventType "swiss"]
[EventRounds "5"]
[EventCountry "CAN"]

1. Nf3 Nf6 2. d3 g6 3. g3 Bg7 4. Bg2 O-O 5. O-O d6 6. Nc3 c5 7. Rb1 Nc6 8. Nd2 Rb8 9. Ra1 Bd7 10. a4 Qc8 11. Re1 a6 12. Ncb1 b5 13. axb5 axb5 14. c3 Qc7 15. Nf1 e5 16. e4 Be6 17. Na3 Qd7 18. Ne3 Ne7 19. c4 bxc4 20. dxc4 Ra8 21. Rb1 Nc6 22. Nd5 Rab8 23. Nb5 Nd4 24. Nxd4 exd4 25. Bd2 Nxd5 26. exd5 Bf5 27. Be4 Rfe8 28. Qf3 Rxe4 29. Rxe4 Bxe4 30. Qxe4 Rb3 31. Ra1 Qb7 32. Qe8+ Bf8 33. Ra8 1-0

[Event "Quebec-ch classe U2000"]
[Site "Montreal CAN"]
[Date "2005.10.08"]
[Round "1"]
[White "Sauve, Richard"]
[Black "Samson, Gaetan"]
[Result "0-1"]
[WhiteElo "1835"]
[BlackElo "1959"]
[PlyCount "102"]
[GameId "2160767910834417"]
[EventDate "2005.10.10"]
[EventType "swiss"]
[EventRounds "5"]
[EventCountry "CAN"]

1. d4 Nf6 2. c4 g6 3. Nc3 Bg7 4. e4 d6 5. f3 O-O 6. Be3 Nbd7 7. Qd2 c5 8. Nge2 a6 9. Ng3 cxd4 10. Bxd4 Ne5 11. Bxe5 dxe5 12. Qxd8 Rxd8 13. Be2 h5 14. h4 Bh6 15. Kf2 Be6 16. Rhd1 Rd4 17. Nd5 Bxd5 18. cxd5 Rc8 19. Bd3 e6 20. dxe6 fxe6 21. Ne2 Rd7 22. Nc3 g5 23. Be2 Rd4 24. hxg5 Bxg5 25. Rd3 Kf7 26. Rad1 Rcd8 27. Nb1 h4 28. Na3 Nh5 29. Nc2 Rxd3 30. Rxd3 Nf4 31. Rxd8 Bxd8 32. Bf1 Bb6+ 33. Ke1 Bd4 34. b3 Bc3+ 35. Kd1 Kg6 36. a4 Kg5 37. Na3 Nh5 38. Nc4 b5 39. Kc2 Bd4 40. Na5 Kf4 41. axb5 axb5 42. b4 Kg3 43. Nb3 Nf4 44. Nxd4 exd4 45. Bxb5 Kxg2 46. Be8 h3 47. b5 h2 48. b6 h1=Q 49. b7 d3+ 50. Kd2 Kxf3 51. b8=Q Qh2+ 0-1

[Event "Quebec-ch qual"]
[Site "Montreal CAN"]
[Date "2005.07.17"]
[Round "1"]
[White "Haukenfrers, Dale"]
[Black "Malveau, Cedric"]
[Result "1-0"]
[WhiteElo "2150"]
[BlackElo "1970"]
[PlyCount "73"]
[GameId "2160767910901076"]
[EventDate "2005.07.17"]
[EventType "swiss"]
[EventRounds "9"]
[EventCountry "CAN"]
[SourceTitle "EXT 2009"]
[Source "ChessBase"]
[SourceDate "2008.11.26"]
[SourceVersion "1"]
[SourceVersionDate "2008.11.26"]
[SourceQuality "1"]

1. d3 c5 2. c3 d5 3. h3 Nc6 4. g4 e6 5. Nf3 Bd6 6. a3 Nf6 7. b4 Qc7 8. bxc5 Bxc5 9. g5 Nh5 10. d4 Bd6 11. e3 g6 12. a4 a6 13. Ba3 O-O 14. Bxd6 Qxd6 15. Nbd2 e5 16. Qb3 e4 17. Nh2 f5 18. c4 Na5 19. Qc3 Nxc4 20. Nxc4 dxc4 21. Bxc4+ Be6 22. Rb1 Rab8 23. O-O Rfc8 24. Bxe6+ Qxe6 25. Qa5 Rc2 26. Rb6 Qc4 27. Qe5 Qc8 28. Kg2 Qf8 29. Rfb1 Re8 30. Qd5+ Qf7 31. Qxf7+ Kxf7 32. Rxb7+ Kg8 33. Ra7 f4 34. Ng4 fxe3 35. Nh6+ Kh8 36. Rbb7 Rxf2+ 37. Kg1 1-0

[Event "Quebec-ch qual"]
[Site "Montreal CAN"]
[Date "2005.07.17"]
[Round "1"]
[White "St Amand, Paul Jr"]
[Black "Noble, Matthew"]
[Result "0-1"]
[WhiteElo "2109"]
[BlackElo "2368"]
[PlyCount "112"]
[GameId "2160767910901077"]
[EventDate "2005.07.17"]
[EventType "swiss"]
[EventRounds "9"]
[EventCountry "CAN"]
[SourceTitle "EXT 2009"]
[Source "ChessBase"]
[SourceDate "2008.11.26"]
[SourceVersion "1"]
[SourceVersionDate "2008.11.26"]
[SourceQuality "1"]

1. e4 Nf6 2. e5 Nd5 3. d4 d6 4. Nf3 dxe5 5. dxe5 Bg4 6. Be2 Nc6 7. O-O e6 8. c4 Nb6 9. Nbd2 Qd7 10. a3 O-O-O 11. b3 Be7 12. Bb2 g5 13. Ne4 Rhg8 14. Qc1 Bxf3 15. Bxf3 Qd3 16. Qc3 Qxc3 17. Bxc3 g4 18. Bd1 Nd4 19. Bxd4 Rxd4 20. f3 gxf3 21. Bxf3 Nd7 22. Nf6 Rg5 23. Nxd7 Rxd7 24. Rfe1 Rd3 25. Be4 Rxb3 26. Bxh7 Bxa3 27. Re4 Bc5+ 28. Kh1 Rb2 29. g3 Rh5 30. Rh4 Rxe5 31. Bd3 Rd2 32. Bf1 Bd4 33. Rb1 c6 34. Rf4 Rh5 35. h3 f5 36. Rf3 Rh7 37. Re1 Kd7 38. h4 Rg7 39. Be2 a5 40. Kg2 Bc5 41. Rd1 Rxd1 42. Bxd1 b5 43. Rd3+ Kc7 44. Kh3 a4 45. h5 Rd7 46. Rxd7+ Kxd7 47. h6 Bd4 48. g4 fxg4+ 49. Kxg4 Kd6 50. Kf4 Kc5 51. cxb5 cxb5 52. Ke4 Bh8 53. Kd3 Kb4 54. Kc2 Ka3 55. Kb1 b4 56. h7 b3 0-1

[Event "Quebec-ch qual"]
[Site "Montreal CAN"]
[Date "2005.07.17"]
[Round "1"]
[White "Trottier, Alain"]
[Black "Robichaud, Louis"]
[Result "0-1"]
[WhiteElo "1972"]
[BlackElo "2158"]
[PlyCount "112"]
[GameId "2160767910901078"]
[EventDate "2005.07.17"]
[EventType "swiss"]
[EventRounds "9"]
[EventCountry "CAN"]
[SourceTitle "EXT 2009"]
[Source "ChessBase"]
[SourceDate "2008.11.26"]
[SourceVersion "1"]
[SourceVersionDate "2008.11.26"]
[SourceQuality "1"]

1. Nf3 Nf6 2. g3 g6 3. Bg2 Bg7 4. O-O O-O 5. d4 d6 6. c4 Nbd7 7. Nc3 e5 8. dxe5 dxe5 9. e4 c6 10. Qe2 Re8 11. b3 a5 12. Rd1 Qe7 13. Bb2 Nf8 14. Nxe5 Qxe5 15. Nd5 Qxb2 16. Qxb2 Nxd5 17. Qc1 Nb4 18. a3 Bxa1 19. Qxa1 Na6 20. Qd4 Nc7 21. f4 Nce6 22. Qf2 c5 23. Rd6 Nd4 24. h3 Re6 25. Rd8 Nc6 26. Rd5 b6 27. f5 Re8 28. Qf4 Ra7 29. g4 Rd7 30. Qh6 Nd8 31. h4 f6 32. h5 Nf7 33. Qd2 g5 34. Kf2 Red8 35. Bf3 Ne5 36. Be2 Bb7 37. Rxd7 Rxd7 38. Qc2 Rd4 39. b4 Bxe4 40. Qb3 axb4 41. axb4 h6 42. bxc5 bxc5 43. Qb6 Nfd7 44. Qe6+ Kg7 45. Qe7+ Nf7 46. Ke1 Bd3 47. Bf3 Nde5 48. Bd5 Bxc4 49. Be6 Rxg4 50. Kf2 Bd3 51. Qxc5 Bxf5 52. Bxf5 Rf4+ 53. Kg2 Rxf5 54. Qc2 Rf4 55. Qe2 Rh4 56. Qd1 g4 0-1

[Event "Quebec-ch qual"]
[Site "Montreal CAN"]
[Date "2005.07.18"]
[Round "2"]
[White "Bolduc, Steve"]
[Black "Audet-Bouchard, Nicolas"]
[Result "0-1"]
[WhiteElo "2206"]
[BlackElo "2128"]
[PlyCount "75"]
[GameId "2160767910901079"]
[EventDate "2005.07.17"]
[EventType "swiss"]
[EventRounds "9"]
[EventCountry "CAN"]
[SourceTitle "EXT 2009"]
[Source "ChessBase"]
[SourceDate "2008.11.26"]
[SourceVersion "1"]
[SourceVersionDate "2008.11.26"]
[SourceQuality "1"]

1. d4 Nf6 2. c4 e6 3. Nf3 Bb4+ 4. Nc3 b6 5. Bg5 h6 6. Bh4 Bb7 7. e3 g5 8. Bg3 Ne4 9. Qc2 Bxc3+ 10. bxc3 d6 11. Bd3 f5 12. d5 exd5 13. cxd5 Bxd5 14. Nd4 Qf6 15. f3 Nxg3 16. hxg3 Nd7 17. Bxf5 O-O-O 18. Qa4 Qe7 19. e4 Kb8 20. Bxd7 Rxd7 21. Kd2 Bb7 22. Nf5 Qe6 23. Qd4 Rhh7 24. g4 d5 25. e5 h5 26. Kc2 c5 27. Qd3 d4 28. cxd4 cxd4 29. Kb2 hxg4 30. Rxh7 Rxh7 31. fxg4 Rh2 32. Qxd4 Rxg2+ 33. Ka3 Bd5 34. Kb4 Rc2 35. Nd6 Bxa2 36. Rxa2 Qxa2 37. Nc4 a5+ 38. Kb5 0-1

[Event "Quebec-ch qual"]
[Site "Montreal CAN"]
[Date "2005.07.18"]
[Round "2"]
[White "Rosen, Matthew"]
[Black "Wilkin, Alain"]
[Result "1-0"]
[WhiteElo "2191"]
[BlackElo "1948"]
[PlyCount "60"]
[GameId "2160767910901080"]
[EventDate "2005.07.17"]
[EventType "swiss"]
[EventRounds "9"]
[EventCountry "CAN"]
[SourceTitle "EXT 2009"]
[Source "ChessBase"]
[SourceDate "2008.11.26"]
[SourceVersion "1"]
[SourceVersionDate "2008.11.26"]
[SourceQuality "1"]

1. Nf3 Nf6 2. c4 d6 3. b3 e5 4. Bb2 Nc6 5. d4 e4 6. d5 Nb4 7. Qd2 Nbxd5 8. cxd5 Nxd5 9. Qxd5 exf3 10. Qxf3 d5 11. Nd2 Be6 12. e3 Bb4 13. Rd1 c6 14. a3 Bd6 15. Bd3 Qd7 16. h3 O-O-O 17. Bxg7 Rhg8 18. Bf6 Rde8 19. Bxh7 Rg4 20. hxg4 Bxg4 21. Bf5 Bxf5 22. Rh4 Qe6 23. Bb2 Rg8 24. Rc1 Kd7 25. g4 Bxg4 26. Qf6 Be7 27. Qxe6+ Bxe6 28. Rh1 Rg4 29. Nf3 f6 30. Ke2 Re4 1-0

[Event "Quebec-ch qual"]
[Site "Montreal CAN"]
[Date "2005.07.18"]
[Round "2"]
[White "Trahan, Daniel"]
[Black "St Amand, Paul Jr"]
[Result "1-0"]
[WhiteElo "1999"]
[BlackElo "2109"]
[PlyCount "99"]
[GameId "2160767910901081"]
[EventDate "2005.07.17"]
[EventType "swiss"]
[EventRounds "9"]
[EventCountry "CAN"]
[SourceTitle "EXT 2009"]
[Source "ChessBase"]
[SourceDate "2008.11.26"]
[SourceVersion "1"]
[SourceVersionDate "2008.11.26"]
[SourceQuality "1"]

1. d4 Nf6 2. c4 e5 3. dxe5 Ng4 4. Bf4 Nc6 5. Nf3 Bb4+ 6. Nbd2 Qe7 7. a3 Ngxe5 8. Nxe5 Nxe5 9. e3 Bxd2+ 10. Qxd2 d6 11. Be2 O-O 12. O-O b6 13. b4 Bb7 14. Qc3 Ng6 15. Bg3 Rfd8 16. Rfd1 Nf8 17. c5 dxc5 18. bxc5 Rxd1+ 19. Rxd1 bxc5 20. Bc4 Bc6 21. f3 Rd8 22. Rc1 Rd7 23. e4 Ba4 24. Bf2 Qd8 25. Bxc5 Rd1+ 26. Rxd1 Qxd1+ 27. Kf2 Ne6 28. Bxa7 h6 29. Be3 Qd7 30. Qd3 Qe7 31. Qc3 Qd7 32. Bd5 c6 33. Bb3 Bb5 34. a4 Ba6 35. Bc4 Qb7 36. Qb3 Qc8 37. a5 Bxc4 38. Qxc4 Qc7 39. a6 Qa5 40. Qxc6 Qa2+ 41. Kg3 Qa5 42. a7 Nc7 43. h3 g5 44. Bb6 Qe5+ 45. Kf2 Qb2+ 46. Kg1 Qa1+ 47. Kh2 Qe5+ 48. Kh1 Qa1+ 49. Bg1 Qa5 50. Qb6 1-0

[Event "Quebec-ch qual"]
[Site "Montreal CAN"]
[Date "2005.07.18"]
[Round "2"]
[White "Voskanyan, Vahagn"]
[Black "Haukenfrers, Dale"]
[Result "1-0"]
[WhiteElo "2277"]
[BlackElo "2150"]
[PlyCount "129"]
[GameId "2160767910901082"]
[EventDate "2005.07.17"]
[EventType "swiss"]
[EventRounds "9"]
[EventCountry "CAN"]
[SourceTitle "EXT 2009"]
[Source "ChessBase"]
[SourceDate "2008.11.26"]
[SourceVersion "1"]
[SourceVersionDate "2008.11.26"]
[SourceQuality "1"]

1. Nf3 d6 2. d4 Bg4 3. e4 Nf6 4. Nc3 c6 5. Be2 e6 6. Bg5 Qa5 7. Qd2 d5 8. Bxf6 gxf6 9. Qf4 Rg8 10. exd5 cxd5 11. O-O Nc6 12. Rfd1 Bf5 13. Bd3 Rg4 14. Qe3 Bxd3 15. Rxd3 O-O-O 16. h3 Rg6 17. Qe2 Bd6 18. Kh1 Rdg8 19. Rg1 a6 20. a3 Bb8 21. b4 Qc7 22. b5 axb5 23. Nxb5 Qf4 24. Qe3 Na5 25. Rc3+ Kd7 26. a4 Nc4 27. Qxf4 Bxf4 28. Na3 Nd6 29. Nh4 Ne4 30. Rf3 Bg3 31. fxg3 Nxg3+ 32. Kh2 Ne4 33. Nxg6 hxg6 34. c4 Ra8 35. cxd5 exd5 36. Nb5 Rxa4 37. Nc3 Nxc3 38. Rxc3 Rxd4 39. Rb1 Rc4 40. Rxb7+ Kd6 41. Rf3 Ke5 42. Rxf7 Rc6 43. Rd7 d4 44. h4 Ke4 45. Re7+ Kd5 46. g4 Rd6 47. Kg3 Kc4 48. Rc7+ Kd5 49. h5 gxh5 50. gxh5 f5 51. Kf4 Ke6 52. Rd3 Kd5 53. Kxf5 Rd8 54. h6 Rf8+ 55. Kg6 Ke4 56. Rd1 Rf2 57. Re7+ Kd5 58. Rd7+ Ke6 59. R7xd4 Rg2+ 60. Kh5 Kf5 61. h7 Rg5+ 62. Kh4 Rg2 63. Kh3 Rg6 64. h8=Q Rh6+ 65. Qxh6 1-0

[Event "Quebec-ch qual"]
[Site "Montreal CAN"]
[Date "2005.07.18"]
[Round "2"]
[White "Ye, Ling Feng"]
[Black "Trottier, Alain"]
[Result "1/2-1/2"]
[WhiteElo "2051"]
[BlackElo "1972"]
[PlyCount "58"]
[GameId "2160767910901083"]
[EventDate "2005.07.17"]
[EventType "swiss"]
[EventRounds "9"]
[EventCountry "CAN"]
[SourceTitle "EXT 2009"]
[Source "ChessBase"]
[SourceDate "2008.11.26"]
[SourceVersion "1"]
[SourceVersionDate "2008.11.26"]
[SourceQuality "1"]

1. e4 c6 2. d4 d5 3. Nc3 dxe4 4. Nxe4 Nd7 5. Nf3 Ngf6 6. Nxf6+ Nxf6 7. Bd3 Bg4 8. Be3 e6 9. O-O Be7 10. Be2 O-O 11. Ne5 Bxe2 12. Qxe2 h6 13. c4 Nd7 14. Nd3 Re8 15. Rad1 Bf8 16. f4 Qa5 17. a3 Qa6 18. Ne5 Rad8 19. Rf3 Qa4 20. Rg3 a5 21. Rd2 Nf6 22. Bf2 c5 23. Rgd3 cxd4 24. Bxd4 Be7 25. Ng4 Nxg4 26. Qxg4 g6 27. Qe2 h5 28. Qe5 Rxd4 29. Qxd4 b6 1/2-1/2

[Event "Quebec-ch qual"]
[Site "Montreal CAN"]
[Date "2005.07.19"]
[Round "3"]
[White "Audet-Bouchard, Nicolas"]
[Black "Predescu, Sebastian"]
[Result "1/2-1/2"]
[WhiteElo "2136"]
[BlackElo "2278"]
[PlyCount "69"]
[GameId "2160767910901084"]
[EventDate "2005.07.17"]
[EventType "swiss"]
[EventRounds "9"]
[EventCountry "CAN"]
[SourceTitle "EXT 2009"]
[Source "ChessBase"]
[SourceDate "2008.11.26"]
[SourceVersion "1"]
[SourceVersionDate "2008.11.26"]
[SourceQuality "1"]

1. e4 c5 2. Nf3 d6 3. d4 cxd4 4. Nxd4 Nf6 5. Nc3 a6 6. Be3 e5 7. Nb3 Be6 8. f3 Nbd7 9. Qd2 b5 10. Nd5 Bxd5 11. exd5 Nb6 12. Bxb6 Qxb6 13. O-O-O g6 14. g4 Bg7 15. Na5 O-O 16. Nc6 Rfe8 17. g5 Nd7 18. Bd3 e4 19. Bxe4 a5 20. h4 Nc5 21. h5 b4 22. hxg6 hxg6 23. Rh4 Na4 24. Rdh1 Bxb2+ 25. Kb1 Bg7 26. Qh2 Nc3+ 27. Ka1 Nb5+ 28. c3 Bxc3+ 29. Kb1 Na3+ 30. Kc1 Qe3+ 31. Kd1 Qxg5 32. Rh8+ Kg7 33. Rh7+ Kg8 34. Rh8+ Kg7 35. Rh7+ 1/2-1/2

[Event "Quebec-ch qual"]
[Site "Montreal CAN"]
[Date "2005.07.19"]
[Round "3"]
[White "Haukenfrers, Dale"]
[Black "Ramaswamy, Kishor"]
[Result "0-1"]
[WhiteElo "2150"]
[BlackElo "2079"]
[PlyCount "68"]
[GameId "2160767910901085"]
[EventDate "2005.07.17"]
[EventType "swiss"]
[EventRounds "9"]
[EventCountry "CAN"]
[SourceTitle "EXT 2009"]
[Source "ChessBase"]
[SourceDate "2008.11.26"]
[SourceVersion "1"]
[SourceVersionDate "2008.11.26"]
[SourceQuality "1"]

1. d3 d5 2. c3 Nf6 3. Qb3 c6 4. Nd2 e5 5. e4 Bd6 6. Ngf3 Nbd7 7. h3 O-O 8. Be2 dxe4 9. dxe4 Nc5 10. Qc2 a5 11. g4 Re8 12. Nh2 Ne6 13. Nc4 b5 14. Nxd6 Qxd6 15. Be3 Nf4 16. Bxf4 exf4 17. Rd1 Qc5 18. f3 Be6 19. Nf1 Rad8 20. Rxd8 Rxd8 21. b3 Rd6 22. Qc1 g5 23. Qb2 Nd7 24. h4 h6 25. hxg5 hxg5 26. c4 Ne5 27. a3 Rd4 28. cxb5 cxb5 29. Nd2 f6 30. Kd1 Nd3 31. Bxd3 Rxd3 32. Qxf6 Bxb3+ 33. Ke2 Rxd2+ 34. Kxd2 Qe3# 0-1

[Event "Quebec-ch qual"]
[Site "Montreal CAN"]
[Date "2005.07.19"]
[Round "3"]
[White "St Amand, Paul Jr"]
[Black "Malette, Martin"]
[Result "1-0"]
[WhiteElo "2109"]
[BlackElo "2043"]
[PlyCount "79"]
[GameId "2160767910901086"]
[EventDate "2005.07.17"]
[EventType "swiss"]
[EventRounds "9"]
[EventCountry "CAN"]
[SourceTitle "EXT 2009"]
[Source "ChessBase"]
[SourceDate "2008.11.26"]
[SourceVersion "1"]
[SourceVersionDate "2008.11.26"]
[SourceQuality "1"]

1. e4 c5 2. c3 d6 3. d4 Nf6 4. Bd3 g6 5. Nf3 Bg7 6. h3 O-O 7. O-O cxd4 8. cxd4 Nc6 9. Nc3 e5 10. Be3 exd4 11. Nxd4 d5 12. Nxc6 bxc6 13. exd5 cxd5 14. Bd4 Bb7 15. Re1 Nh5 16. Bxg7 Nxg7 17. Qd2 Ne6 18. Rad1 Qa5 19. Re5 Qc7 20. Rde1 Rad8 21. f3 Bc6 22. Kh1 Kg7 23. Nd1 Rd6 24. Nf2 h5 25. f4 Nc5 26. Re7 Qb6 27. Bb1 Re6 28. f5 Rxe1+ 29. Qxe1 Qxb2 30. fxg6 Nd7 31. gxf7 Rxf7 32. Nd3 Qf6 33. Qg3+ Kf8 34. Rxf7+ Kxf7 35. Nf4 Ne5 36. Bc2 h4 37. Qf2 Nd7 38. Qe3 d4 39. Bb3+ Kg7 40. Nh5+ 1-0

[Event "Quebec-ch qual"]
[Site "Montreal CAN"]
[Date "2005.07.19"]
[Round "3"]
[White "Trottier, Alain"]
[Black "Gilman, Arkadiy"]
[Result "0-1"]
[WhiteElo "1972"]
[BlackElo "2115"]
[PlyCount "138"]
[GameId "2160767910901087"]
[EventDate "2005.07.17"]
[EventType "swiss"]
[EventRounds "9"]
[EventCountry "CAN"]
[SourceTitle "EXT 2009"]
[Source "ChessBase"]
[SourceDate "2008.11.26"]
[SourceVersion "1"]
[SourceVersionDate "2008.11.26"]
[SourceQuality "1"]

1. Nf3 Nf6 2. g3 d5 3. Bg2 c6 4. O-O Bf5 5. d4 h6 6. c4 e6 7. Qb3 Qb6 8. Qxb6 axb6 9. cxd5 exd5 10. Nbd2 Nbd7 11. Re1 Be7 12. Nh4 Bh7 13. e4 dxe4 14. Nxe4 O-O 15. Nxf6+ Bxf6 16. Nf3 Rfe8 17. Bd2 Be4 18. Bc3 Bd5 19. Ne5 Bxe5 20. Bxd5 Bxg3 21. Bxf7+ Kxf7 22. fxg3 Nf6 23. a3 Nd5 24. Bd2 Ra4 25. Rxe8 Kxe8 26. b4 Kd7 27. Kf2 b5 28. g4 Ra8 29. Kg3 Nb6 30. Kh4 Nc4 31. Bc1 Ke6 32. Kh5 Kf7 33. h4 Rd8 34. a4 Rh8 35. g5 g6+ 36. Kg4 h5+ 37. Kf4 Ra8 38. a5 Ke6 39. Ke4 Nd6+ 40. Kd3 Kd5 41. Be3 Rf8 42. a6 bxa6 43. Rxa6 Nc4 44. Bg1 Rf1 45. Bh2 Rh1 46. Be5 Rh3+ 47. Ke2 Rxh4 48. Bf6 Nd6 49. Kd3 Rh3+ 50. Ke2 Ne4 51. Ra7 Ke6 52. Re7+ Kf5 53. Re5+ Kf4 54. Re6 Rc3 55. Be5+ Kf5 56. Re8 Rc4 57. Ke3 Nc3 58. Bd6 Kxg5 59. Rc8 Nd5+ 60. Kd3 Kg4 61. Bc5 Nxb4+ 62. Bxb4 Rxb4 63. Rxc6 Rb1 64. Rxg6+ Kf5 65. Rg2 h4 66. Kc2 Rh1 67. Re2 h3 68. d5 Rg1 69. Kc3 Rd1 0-1

[Event "Quebec-ch qual"]
[Site "Montreal CAN"]
[Date "2005.07.20"]
[Round "4"]
[White "Gacogne, Charlie"]
[Black "Haukenfrers, Dale"]
[Result "1-0"]
[WhiteElo "2003"]
[BlackElo "2150"]
[PlyCount "63"]
[GameId "2160767910901089"]
[EventDate "2005.07.17"]
[EventType "swiss"]
[EventRounds "9"]
[EventCountry "CAN"]
[SourceTitle "EXT 2009"]
[Source "ChessBase"]
[SourceDate "2008.11.26"]
[SourceVersion "1"]
[SourceVersionDate "2008.11.26"]
[SourceQuality "1"]

1. e4 d6 2. d4 Nf6 3. Nc3 c6 4. Nf3 Bg4 5. h3 Bh5 6. Be2 e6 7. O-O d5 8. Ne5 Bxe2 9. Qxe2 dxe4 10. Nxe4 Nxe4 11. Qxe4 Nd7 12. Nxd7 Qxd7 13. b3 O-O-O 14. Be3 f5 15. Qe5 Bd6 16. Qa5 f4 17. Bd2 e5 18. Qxa7 f3 19. Qa8+ Bb8 20. Bg5 Rdf8 21. Bh4 fxg2 22. Kxg2 Rf4 23. Bg3 Rxd4 24. Rfe1 Qd5+ 25. Kh2 Rf8 26. Re2 Rf3 27. Rae1 Rxg3 28. fxg3 e4 29. Qa3 Qe5 30. Qf8+ Rd8 31. Qf2 Re8 32. Rxe4 1-0

[Event "Quebec-ch qual"]
[Site "Montreal CAN"]
[Date "2005.07.20"]
[Round "4"]
[White "Malveau, Cedric"]
[Black "St Amand, Paul Jr"]
[Result "1/2-1/2"]
[WhiteElo "1970"]
[BlackElo "2109"]
[PlyCount "52"]
[GameId "2160767910901090"]
[EventDate "2005.07.17"]
[EventType "swiss"]
[EventRounds "9"]
[EventCountry "CAN"]
[SourceTitle "EXT 2009"]
[Source "ChessBase"]
[SourceDate "2008.11.26"]
[SourceVersion "1"]
[SourceVersionDate "2008.11.26"]
[SourceQuality "1"]

1. d4 Nf6 2. Nf3 e6 3. c4 c5 4. e3 d5 5. Nc3 Nc6 6. cxd5 exd5 7. Be2 Bd6 8. dxc5 Bxc5 9. O-O O-O 10. a3 a6 11. b4 Ba7 12. b5 axb5 13. Nxb5 Bb8 14. Bb2 Be6 15. Nfd4 Bd7 16. Qc2 Re8 17. Nf5 Be6 18. Rad1 Bxf5 19. Qxf5 Be5 20. Qb1 Qe7 21. Bf3 Red8 22. Rd3 Qc5 23. Nd4 Bxd4 24. Bxd4 Nxd4 25. Rxd4 Rd7 26. Qb4 Qa5 1/2-1/2

[Event "Quebec-ch qual"]
[Site "Montreal CAN"]
[Date "2005.07.20"]
[Round "4"]
[White "Wilkin, Alain"]
[Black "Trottier, Alain"]
[Result "1-0"]
[WhiteElo "1948"]
[BlackElo "1972"]
[PlyCount "81"]
[GameId "2160767910901091"]
[EventDate "2005.07.17"]
[EventType "swiss"]
[EventRounds "9"]
[EventCountry "CAN"]
[SourceTitle "EXT 2009"]
[Source "ChessBase"]
[SourceDate "2008.11.26"]
[SourceVersion "1"]
[SourceVersionDate "2008.11.26"]
[SourceQuality "1"]

1. e4 c6 2. d4 d5 3. Nc3 dxe4 4. Nxe4 Nd7 5. Nf3 Ngf6 6. Ng3 e6 7. Bd3 c5 8. c3 cxd4 9. cxd4 Be7 10. O-O O-O 11. Qe2 Nb6 12. Rd1 Nbd5 13. a3 b6 14. Ne5 Bb7 15. Ne4 Rc8 16. Bd2 Rc7 17. Ng5 Qd6 18. Ngf3 Qd8 19. Rac1 Rxc1 20. Rxc1 Qa8 21. Ng5 a6 22. Re1 Rc8 23. Ne4 Nxe4 24. Bxe4 Rc7 25. Bb1 Qc8 26. Rc1 Qd8 27. Re1 Nf6 28. Bc3 Qd5 29. f3 Qd8 30. Qc2 Bd5 31. Qa4 Qa8 32. Qc2 Rc8 33. Nd7 Qc6 34. Nxf6+ Bxf6 35. Qxh7+ Kf8 36. Bb4+ Ke8 37. Qg8+ Kd7 38. Qxf7+ Kd8 39. Bc3 a5 40. Be4 b5 41. Bxa5+ 1-0

[Event "Quebec-ch qual"]
[Site "Montreal CAN"]
[Date "2005.07.21"]
[Round "5"]
[White "McDonough, Jonathan"]
[Black "Audet-Bouchard, Nicolas"]
[Result "1-0"]
[WhiteElo "2172"]
[BlackElo "2138"]
[PlyCount "71"]
[GameId "2160767910901092"]
[EventDate "2005.07.17"]
[EventType "swiss"]
[EventRounds "9"]
[EventCountry "CAN"]
[SourceTitle "EXT 2009"]
[Source "ChessBase"]
[SourceDate "2008.11.26"]
[SourceVersion "1"]
[SourceVersionDate "2008.11.26"]
[SourceQuality "1"]

1. d4 Nf6 2. c4 e6 3. Nc3 Bb4 4. e3 b6 5. Nge2 Ba6 6. a3 Be7 7. Ng3 d5 8. b3 O-O 9. Be2 Nbd7 10. cxd5 Bxe2 11. Ngxe2 exd5 12. b4 c6 13. O-O b5 14. f3 Nb6 15. e4 a5 16. e5 Ne8 17. Rb1 axb4 18. axb4 Nc7 19. f4 f5 20. g4 g6 21. Ng3 Bh4 22. gxf5 Bxg3 23. hxg3 Rxf5 24. g4 Rf7 25. Rb2 Kh8 26. f5 gxf5 27. gxf5 Rg7+ 28. Kh1 Rg3 29. Rh2 Qg8 30. Ne2 Rg4 31. Nf4 Nc4 32. Rh6 Rg3 33. Qh5 Ra7 34. Ng6+ Kg7 35. Qh4 Rg2 36. Qf6# 1-0

[Event "Quebec-ch qual"]
[Site "Montreal CAN"]
[Date "2005.07.21"]
[Round "5"]
[White "St Amand, Paul Jr"]
[Black "Caceres Cortes, Julio"]
[Result "1-0"]
[WhiteElo "2109"]
[BlackElo "2023"]
[PlyCount "45"]
[GameId "2160767910901093"]
[EventDate "2005.07.17"]
[EventType "swiss"]
[EventRounds "9"]
[EventCountry "CAN"]
[SourceTitle "EXT 2009"]
[Source "ChessBase"]
[SourceDate "2008.11.26"]
[SourceVersion "1"]
[SourceVersionDate "2008.11.26"]
[SourceQuality "1"]

1. e4 e5 2. Nf3 Nc6 3. Bb5 a6 4. Ba4 Nf6 5. O-O b5 6. Bb3 Nxe4 7. Re1 Nc5 8. Nxe5 Nxe5 9. Rxe5+ Be7 10. Qe2 d6 11. Re3 Ne6 12. Nc3 O-O 13. d3 Nd4 14. Qh5 Nxb3 15. axb3 Be6 16. Nd5 c6 17. Nxe7+ Qxe7 18. Bd2 Rfe8 19. Rae1 a5 20. Rh3 Qf6 21. Qxh7+ Kf8 22. Rg3 Qxb2 23. Rxg7 1-0

[Event "Quebec-ch qual"]
[Site "Montreal CAN"]
[Date "2005.07.21"]
[Round "5"]
[White "Trahan, Daniel"]
[Black "Haukenfrers, Dale"]
[Result "1-0"]
[WhiteElo "1999"]
[BlackElo "2150"]
[PlyCount "57"]
[GameId "2160767910901094"]
[EventDate "2005.07.17"]
[EventType "swiss"]
[EventRounds "9"]
[EventCountry "CAN"]
[SourceTitle "EXT 2009"]
[Source "ChessBase"]
[SourceDate "2008.11.26"]
[SourceVersion "1"]
[SourceVersionDate "2008.11.26"]
[SourceQuality "1"]

1. Nf3 d6 2. d4 c6 3. e4 Nf6 4. Nc3 Bg4 5. Be2 e6 6. Bg5 Qa5 7. Qd2 d5 8. exd5 cxd5 9. Bb5+ Nfd7 10. Ne5 Bf5 11. g4 Bg6 12. Nxg6 fxg6 13. Qe2 Kf7 14. O-O Qb6 15. Rfe1 Bb4 16. Nxd5 exd5 17. c3 Nf6 18. cxb4 h5 19. Qe7+ Kg8 20. Bxf6 Qxf6 21. Qxb7 Qxd4 22. Re8+ Kh7 23. Rxh8+ Kxh8 24. Qxa8 Qxg4+ 25. Kf1 Qh3+ 26. Ke1 Qxh2 27. Qxd5 Qg1+ 28. Bf1 Qg5 29. Qxg5 1-0